2007 mali yılı genel ve katma bütçe kanun tasarıları ile 2005 mali yılı genel ve katma bütçe kesin hesap kanunu tasarılarının plan ve bütçe komisyonu görüşme tutanakları (Record no. 7630)

MARC details
000 -BAŞLIK
Sabit Uzunlukta Kontrol Alanı 00792na a2200205 4500
001 - KONTROL NUMARASI
Denetim Alanı 21762
003 - KONTROL NUMARASI IDENTIFIER
Denetim Alanı MIRAKIL
005 - SON İŞLEM TARİHİ VE ZAMANI
Denetim Alanı 20181213155145.0
008 - SABİT-BOY VERİ ELEMANLARI - GENEL BİLGİLER
Sabit Uzunlukta Kontrol Alanı 170207b tu 000 0
040 ## - KATALOGLAMA KAYNAK
Orijinal Kataloglama Ajansı Milas
Kataloglama Dili tur
Metne Dönüştürmek Ajansı TR-AnCHP
041 ## - DİL KODU
Metin / Ses Parça Veya Ayrı Başlığın Dil Kodu tur
082 ## - DEWEY ONLU SINIFLANDIRMA NUMARASI
Sınıflandırma Numarası 351.7222
Ürün Numarası I45 2007
090 ## - SINIFLAMA NUMARASI
Sınıflama Numarası 351.7222 İ45 2007
245 ## - BAŞLIK TABLOSU
Başlık 2007 mali yılı genel ve katma bütçe kanun tasarıları ile 2005 mali yılı genel ve katma bütçe kesin hesap kanunu tasarılarının plan ve bütçe komisyonu görüşme tutanakları
260 ## - YAYIN, DAĞITIM, VB
Yayın, Dağıtım, Vb Yeri [Ankara]
Yayıncı, Dağıtıcı, Vs Adı [yayl. y.]
Yayın, Dağıtım, Vb Tarihi 2006
300 ## - FİZİKSEL TANIM
Kapsam 112 s.
Boyutlar 23 sm.
505 ## - BİÇİMLENDİRİLDİ İÇİNDEKİLER NOT
Biçimlendirilmiş İçeriği Dikkat Bütçe ve kesinhesap kanunu tasarılarının tümü üzerine görüşmeler
650 ## - KONU KATMA GİRİŞ - TOPİKAL DÖNEM
Topikal Süreli Veya Coğrafi Ad Giriş Elemanı Bütçe ve kesinhesap kanunu tasarıları
Genel Alt Bölümü Bütçe Komisyonu
Kronolojik Alt Bölümü Tutanaklar, 2007
942 ## - EKLENDİ GİRİŞ ELEMANLARI (KOHA)
Sınıflandırma Veya Raf Düzeni Kaynak Dewey Decimal Classification
Koha Öğesi Türü Books
999 ## - SİSTEM KONTROL NUMARALARI (KOHA)
Koha Biblionumber 7630
Koha Biblioitemnumber 7630
Holdings
Kalıcı Konum Mevcut Konum Edinme Tarihi Edinim Kaynak Toplam Check-Out'Lar Tam Çağrı Numarası Barkod Tarih Son Görülme İtibaren Geçerli Fiyatlar Koha Öğesi Türü
CHP Kütüphanesi CHP Kütüphanesi 02/07/2017 Bağış   351.7222 İ45 2007 012297 02/07/2017 02/07/2017 Books